000 00297nam a22001337a 4500
008 170807b xxu||||| |||| 00| 0 eng d
020 _a9781418836238
041 _aeng
080 _22ND
_a004
100 _a33
101 _aSHK
245 _aMICROSOFT VISUAL BASIC 2005
_cZAK,D
942 _2udc
_cBK
999 _c22755
_d22755